Αλαλία, ήτοι το σύγχρονο γλωσσικό μας πανόραμα
Αποθηκεύτηκε σε:
| Κύριος συγγραφέας: | |
|---|---|
| Μορφή: | Βιβλίο |
| Γλώσσα: | Greek |
| Δημοσίευση: |
Αθήνα :
Gutenberg,
1986.
|
| Έκδοση: | 2η έκδ. |
| Θέματα: | |
| Ετικέτες: |
Προσθήκη ετικέτας
Δεν υπάρχουν, Καταχωρήστε ετικέτα πρώτοι!
|
MARC
| LEADER | 00000cam a2200000 i 4500 | ||
|---|---|---|---|
| 001 | 1/41135 | ||
| 008 | 960515s1986####gr | ||| |||| ||gre|| | ||
| 035 | |l 10025358 | ||
| 040 | |a GR-MyUA |b gre |e AACR2 | ||
| 041 | 0 | |a gre | |
| 082 | 0 | |a 489.3 | |
| 100 | 1 | |a Καργάκος, Σαράντος Ι., |d 1937-2019. | |
| 245 | 1 | 0 | |a Αλαλία, ήτοι το σύγχρονο γλωσσικό μας πανόραμα / |c Σ. Καργάκος. |
| 250 | |a 2η έκδ. | ||
| 260 | |a Αθήνα : |b Gutenberg, |c 1986. | ||
| 300 | |a 141 σ. ; |c 21 εκ. | ||
| 650 | 0 | 0 | |a Greek language, Modern. |
| 852 | |a INST |b CHIOS |e 19960515 |h 489.3 ΚΑΡ |p 005200008387 |q 005200008387 |t BK |y 0 | ||
| 852 | |a INST |b RHODES |e 20000125 |h 489.3 ΚΑΡ |p 005400001226 |q 005400001226 |t BK |y 0 | ||
| 852 | |a INST |b SAMOS |c MAG |e 20151008 |h 489.3 ΚΑΡ |p 005300034295 |q 005300034295 |t BK |y 0 | ||
| 909 | |a Χ |b 043292 | ||
| 909 | |a Ρ |b 003313 | ||
| 922 | |a 4ΕΛΗ |b 198609 | ||
| 970 | |a ΧΟΡΟΖΙΔΟΥ |b ΤΖΕΝΗ |z 2000/01/25 | ||